[Event "SF Neuenkirchen 1 - SC Hansa Dortmund 2"]
[Site "NRW-Klasse, Gruppe 1 2010/201"]
[Date "2011.02.20"]
[Round "7.3"]
[White "Ackermann, Hans Werner"]
[Black "Wilde, Pierre"]
[Result "1-0"]
[WhiteElo "2236"]
[BlackElo "2228"]
[PlyCount "121"]
[EventDate "2011.??.??"]

1. e4 e6 2. Nf3 d5 3. Nc3 Nf6 4. e5 Nfd7 5. d4 c5 6. dxc5 Nc6 7. Bf4 Bxc5 8.
Bd3 f6 9. exf6 Qxf6 10. Bg5 Qf7 11. O-O O-O 12. Bh4 h6 13. Bg3 a6 14. a3 b5 15.
Qd2 Nf6 16. Ne2 Bd7 17. Qc3 Bb6 18. Nf4 Rfc8 19. Qe1 Bc7 20. Ng6 Bxg3 21. hxg3
Ng4 22. Nfe5 Ncxe5 23. Nxe5 Nxe5 24. Qxe5 Qf6 25. Rae1 Qxe5 26. Rxe5 Kf7 27.
Rfe1 a5 28. f4 Re8 29. g4 b4 30. axb4 axb4 31. b3 Ra5 32. Kf2 Rc8 33. R1e3 Rac5
34. f5 Re8 35. Kf3 exf5 36. gxf5 Rxe5 37. Rxe5 Kf6 38. Kf4 Bb5 39. Be4 Bd7 40.
Bd3 Bb5 41. Re6+ Kf7 42. Bxb5 Rxb5 43. Rc6 Ra5 44. g4 Ra1 45. Rb6 Rc1 46. Ke5
Rxc2 47. Rb7+ Kf8 48. Rxb4 Rg2 49. Kxd5 Kf7 50. Ke5 Re2+ 51. Re4 Rd2 52. b4 Rd3
53. Rd4 Re3+ 54. Kd5 Kf6 55. b5 h5 56. Re4 Rb3 57. Kc4 Rb1 58. Re6+ Kf7 59.
gxh5 Rh1 60. b6 Rxh5 61. b7 1-0

[Event "SF Neuenkirchen 1 - SC Hansa Dortmund 2"]
[Site "NRW-Klasse, Gruppe 1 2010/201"]
[Date "2011.02.20"]
[Round "7.4"]
[White "Haves, Reinhard"]
[Black "Kotter, Ralf"]
[Result "1/2-1/2"]
[WhiteElo "2161"]
[BlackElo "2220"]
[PlyCount "98"]
[EventDate "2011.??.??"]

1. d4 Nf6 2. Nf3 e6 3. g3 b6 4. Bg2 Bb7 5. O-O c5 6. c4 cxd4 7. Nxd4 Bxg2 8.
Kxg2 d6 9. Qa4+ Nbd7 10. Rd1 a6 11. Bg5 Qc7 12. Bxf6 gxf6 13. Nd2 Qb7+ 14. f3
Be7 15. Qc6 Qxc6 16. Nxc6 Rc8 17. Nxe7 Kxe7 18. b3 b5 19. Ne4 Rc6 20. cxb5 axb5
21. a4 bxa4 22. Rxa4 f5 23. Nf2 Rb8 24. b4 Rc2 25. Kf1 Rb7 26. Rda1 Rcc7 27.
Nd3 Nb6 28. Ra6 Nd5 29. R1a4 Rb5 30. Ra8 e5 31. Rh8 Nf6 32. Kf2 Rcb7 33. Rc8
Nd5 34. Rh8 e4 35. fxe4 fxe4 36. Nf4 Nxf4 37. gxf4 Rxb4 38. Rxb4 Rxb4 39. Rxh7
d5 40. Rh5 Rd4 41. h4 f6 42. Rh8 Kf7 43. h5 Kg7 44. Rd8 Rd1 45. Rd6 d4 46. h6+
Kxh6 47. Rxf6+ Kh5 48. Re6 Kg4 49. Rxe4 Kf5 1/2-1/2

[Event "SF Neuenkirchen 1 - SC Hansa Dortmund 2"]
[Site "NRW-Klasse, Gruppe 1 2010/201"]
[Date "2011.02.20"]
[Round "7.5"]
[White "Rumpf, Thomas"]
[Black "Essing, Arnold"]
[Result "0-1"]
[WhiteElo "2090"]
[BlackElo "2180"]
[PlyCount "108"]
[EventDate "2011.??.??"]

1. e4 Nf6 2. e5 Nd5 3. d4 d6 4. Nf3 Nb6 5. a4 a5 6. Be2 g6 7. O-O Bg7 8. Bg5
O-O 9. exd6 cxd6 10. Qd2 Bg4 11. c3 Qd7 12. Na3 f6 13. Bh6 e5 14. Bxg7 Kxg7 15.
b3 e4 16. Ne1 Bxe2 17. Qxe2 f5 18. Nb5 d5 19. f4 Na6 20. Nc2 Nc7 21. Ne3 Nxb5
22. Qxb5 Qxb5 23. axb5 Rfd8 24. Ra3 a4 25. bxa4 Rxa4 26. Rfa1 Rxa3 27. Rxa3 Kf6
28. Kf2 Ke6 29. Ra7 Rd7 30. g4 Rc7 31. gxf5+ gxf5 32. Ke2 Nc8 33. Ra3 Nd6 34.
Rb3 Rc8 35. Kd2 Ra8 36. Rb2 Ra1 37. Kc2 Re1 38. Ng2 Rh1 39. h4 Rh3 40. b6 Nc4
41. Ra2 Nxb6 42. Kb3 Nc4 43. Kb4 Kd6 44. Ra8 Rg3 45. Ne1 Rg1 46. Rd8+ Kc6 47.
Rc8+ Kd7 48. Rh8 Rxe1 49. Kc5 Ne3 50. Rxh7+ Ke8 51. Kd6 Rb1 52. Rg7 Ng4 53.
Kxd5 e3 54. Rg6 Kf7 0-1

[Event "SF Neuenkirchen 1 - SC Hansa Dortmund 2"]
[Site "NRW-Klasse, Gruppe 1 2010/201"]
[Date "2011.02.20"]
[Round "7.7"]
[White "Babar, Michael"]
[Black "Sommer, Uwe"]
[Result "1-0"]
[WhiteElo "2158"]
[BlackElo "2034"]
[PlyCount "89"]
[EventDate "2011.??.??"]

1. c4 g6 2. Nc3 Bg7 3. g3 c5 4. Bg2 Nc6 5. e3 Nf6 6. Nge2 O-O 7. O-O d6 8. Rb1
e5 9. a3 a5 10. d3 Ne8 11. Nd5 f5 12. Nec3 Kh8 13. Bd2 Nf6 14. b4 axb4 15. axb4
Nxd5 16. Nxd5 Ne7 17. bxc5 Nxd5 18. Bxd5 dxc5 19. Qb3 Ra6 20. Bc3 Rd6 21. Rfe1
g5 22. Qb2 Rxd5 23. cxd5 Qxd5 24. f4 Re8 25. Rbd1 Bd7 26. e4 Qf7 27. fxe5 Be6
28. Qf2 f4 29. Rb1 Qd7 30. Qxc5 fxg3 31. hxg3 Qxd3 32. Qe3 Qd7 33. Red1 Qc8 34.
Rbc1 Bh6 35. Bb4 Qa8 36. Bd6 Qa2 37. Rd2 Qa4 38. Rc7 Qa1+ 39. Kh2 Qf1 40. Qf2
Qh3+ 41. Kg1 Bg7 42. Rxg7 Kxg7 43. Qf6+ Kg8 44. Qxg5+ Kh8 45. Be7 1-0

[Event "SF Neuenkirchen 1 - SC Hansa Dortmund 2"]
[Site "NRW-Klasse, Gruppe 1 2010/201"]
[Date "2011.02.20"]
[Round "7.8"]
[White "Schulze Oechtering, Matthias"]
[Black "Kropp, Andreas Juergen"]
[Result "0-1"]
[WhiteElo "1836"]
[BlackElo "1951"]
[PlyCount "50"]
[EventDate "2011.??.??"]

1. e4 c5 2. Nf3 e6 3. c3 d5 4. e5 Nh6 5. d4 Nf5 6. Bd3 Nc6 7. dxc5 Bxc5 8. b4
Be7 9. b5 Na5 10. O-O O-O 11. Ba3 Bxa3 12. Nxa3 Nh4 13. Nc2 Ng6 14. Ncd4 Qc7
15. Qa4 Bd7 16. Rfe1 Rfc8 17. Rac1 Nc4 18. Bxg6 hxg6 19. Qb4 Qc5 20. Qb1 Na3
21. Qd3 Nxb5 22. Nxb5 Bxb5 23. Qd2 Qc4 24. Ng5 Qg4 25. Re3 Qxg5 0-1

[Event "SV Letmathe 1 - Godesberger SK 2"]
[Site "NRW-Klasse, Gruppe 1 2010/201"]
[Date "2011.02.20"]
[Round "7.1"]
[White "Rohde, Ulrich"]
[Black "Podzielny, Karl-Heinz"]
[Result "0-1"]
[WhiteElo "2164"]
[BlackElo "2405"]
[PlyCount "70"]
[EventDate "2011.??.??"]

1. Nf3 Nf6 2. c4 g6 3. g3 Bg7 4. Bg2 O-O 5. d4 d6 6. Nc3 c6 7. O-O Qa5 8. e4
Bg4 9. h3 Bxf3 10. Bxf3 Nfd7 11. Be3 Qb4 12. Qd3 Qxb2 13. Rab1 Qa3 14. Rxb7 Nb6
15. c5 dxc5 16. dxc5 N6d7 17. Rc1 Nxc5 18. Qb1 Nxb7 19. Qxb7 Na6 20. Nb1 Rab8
21. Qxc6 Qxa2 22. Nc3 Qa5 23. Nd5 Qa3 24. Qd7 e6 25. Ne7+ Kh8 26. Rc8 Rbxc8 27.
Nxc8 Nc5 28. Qc7 Qa1+ 29. Kh2 Nd3 30. Nxa7 Qb2 31. Kg1 Ne1 32. Bh1 Nc2 33. Bc5
Qc1+ 34. Kh2 Nd4 35. Qb6 Qd2 0-1

[Event "SV Letmathe 1 - Godesberger SK 2"]
[Site "NRW-Klasse, Gruppe 1 2010/201"]
[Date "2011.02.20"]
[Round "7.2"]
[White "Oswald, Hans-Joachim"]
[Black "Horstmann, Olaf"]
[Result "1/2-1/2"]
[WhiteElo "2262"]
[BlackElo "2140"]
[PlyCount "75"]
[EventDate "2011.??.??"]

1. Nf3 d6 2. c4 f5 3. Nc3 Nf6 4. g3 g6 5. Bg2 Bg7 6. O-O O-O 7. d3 e5 8. Rb1 h6
9. b4 Nbd7 10. Nh4 Kh7 11. e4 f4 12. Bb2 Rf7 13. Nd5 c6 14. Nxf6+ Nxf6 15. d4
exd4 16. Bxd4 Be6 17. Qc2 Nd7 18. Bxg7 Kxg7 19. Rbd1 Ne5 20. c5 f3 21. Bh1 d5
22. exd5 Bxd5 23. Rfe1 Qf6 24. Rxe5 Qxe5 25. Qxg6+ Kf8 26. Qxh6+ Qg7 27. Qxg7+
Kxg7 28. Rd3 Re8 29. Bxf3 Bxa2 30. Kg2 Re1 31. Rd4 Kf6 32. Rd6+ Re6 33. Rd4 Ke5
34. Re4+ Kf6 35. Rd4 Ke5 36. Re4+ Kf6 37. Rd4 Ke5 38. Re4+ 1/2-1/2

[Event "SV Letmathe 1 - Godesberger SK 2"]
[Site "NRW-Klasse, Gruppe 1 2010/201"]
[Date "2011.02.20"]
[Round "7.3"]
[White "Mueller-Boge, Michael"]
[Black "Adamski, Jan"]
[Result "0-1"]
[WhiteElo "2040"]
[BlackElo "2240"]
[PlyCount "70"]
[EventDate "2011.??.??"]

1. e4 c5 2. Nf3 a6 3. c3 d5 4. exd5 Qxd5 5. d4 Nf6 6. h3 e6 7. Be3 cxd4 8. cxd4
Bb4+ 9. Nfd2 O-O 10. a3 Be7 11. Nc3 Qd8 12. Qb3 Nc6 13. Nf3 b5 14. Rd1 Bb7 15.
Be2 Rc8 16. O-O Na5 17. Qa2 Nd5 18. Bd2 Nc4 19. Nxd5 Bxd5 20. Qb1 Nxd2 21. Nxd2
Qb6 22. Qd3 Rfd8 23. b4 Bf6 24. Ne4 Bxe4 25. Qxe4 Bxd4 26. Bd3 g6 27. h4 Rd5
28. Qe2 Rc3 29. Kh1 Bxf2 30. Bxg6 hxg6 31. Rxd5 exd5 32. Rxf2 Re3 33. Qg4 Re1+
34. Kh2 Qxf2 35. Qc8+ Kh7 0-1

[Event "SV Letmathe 1 - Godesberger SK 2"]
[Site "NRW-Klasse, Gruppe 1 2010/201"]
[Date "2011.02.20"]
[Round "7.4"]
[White "Pfleger, Sascha"]
[Black "Roski, Ferdinand"]
[Result "1/2-1/2"]
[WhiteElo "2020"]
[BlackElo "2166"]
[PlyCount "78"]
[EventDate "2011.??.??"]

1. d4 Nf6 2. c4 g6 3. Nc3 Bg7 4. e4 d6 5. Be2 O-O 6. Bg5 Nbd7 7. Qc1 e5 8. d5
Nc5 9. b4 Ncd7 10. Nf3 a5 11. a3 axb4 12. axb4 Rxa1 13. Qxa1 h6 14. Bd2 Nxe4
15. Nxe4 f5 16. Ng3 e4 17. Nd4 Qe7 18. Bc3 Bxd4 19. Bxd4 f4 20. Bg4 fxg3 21.
Be6+ Kh7 22. hxg3 Ne5 23. Bxe5 Bxe6 24. Bd4 Bd7 25. Qc1 h5 26. Qe3 c6 27. dxc6
bxc6 28. c5 Re8 29. O-O dxc5 30. bxc5 Bf5 31. Bc3 Rd8 32. Bd2 Qg7 33. Bc3 Qh6
34. Qxh6+ Kxh6 35. Bf6 Rd5 36. Be7 Bg4 37. Re1 Rd1 38. Kf1 Kg7 39. Rxd1 Bxd1
1/2-1/2

[Event "SV Letmathe 1 - Godesberger SK 2"]
[Site "NRW-Klasse, Gruppe 1 2010/201"]
[Date "2011.02.20"]
[Round "7.5"]
[White "Kohn, Sandro"]
[Black "Gruermann, Martin"]
[Result "0-1"]
[WhiteElo "2120"]
[BlackElo "2124"]
[PlyCount "124"]
[EventDate "2011.??.??"]

1. d4 e6 2. Nf3 f5 3. g3 Nf6 4. Bg2 Be7 5. O-O O-O 6. c4 d6 7. Nc3 Qe8 8. Re1
Qg6 9. Qd3 Nc6 10. e4 fxe4 11. Nxe4 Nb4 12. Nxf6+ Bxf6 13. Qxg6 hxg6 14. Re2
Nc6 15. d5 exd5 16. cxd5 Nb4 17. Ng5 Bf5 18. Ne6 Nc2 19. Rxc2 Bxc2 20. Nxf8
Kxf8 21. Be3 Bxb2 22. Re1 Ba3 23. Re2 Bd3 24. Rd2 Bf5 25. h3 Bc1 26. Re2 Re8
27. g4 Bd3 28. Re1 Bxe3 29. fxe3 g5 30. Rc1 Re7 31. Rc3 Bg6 32. Kf2 Kf7 33. e4
Ke8 34. Ke3 Kd7 35. Kd4 c5+ 36. dxc6+ bxc6 37. Ra3 c5+ 38. Ke3 Kc6 39. Ra6+ Kb5
40. Rxd6 Bf7 41. a3 Ka4 42. Rc6 c4 43. Rc5 Kxa3 44. Rxg5 Rc7 45. Kd2 c3+ 46.
Kc1 Bb3 47. Bf1 Rd7 48. Be2 Rd2 49. Ra5+ Kb4 50. Rb5+ Ka4 51. Rc5 Rxe2 52. Rxc3
Rxe4 53. Rd3 Ka3 54. Kd2 Re5 55. Rf3 g5 56. Kc3 a5 57. Kd4 Rd5+ 58. Kc3 a4 59.
h4 Rc5+ 60. Kd3 gxh4 61. Rh3 Kb2 62. g5 a3 0-1

[Event "SV Letmathe 1 - Godesberger SK 2"]
[Site "NRW-Klasse, Gruppe 1 2010/201"]
[Date "2011.02.20"]
[Round "7.6"]
[White "Haude, Ruediger"]
[Black "Hemmann, Arnold"]
[Result "1-0"]
[WhiteElo "2080"]
[BlackElo "2066"]
[PlyCount "105"]
[EventDate "2011.??.??"]

1. d4 Nf6 2. Nf3 e6 3. Bg5 d5 4. e3 c5 5. c3 Nbd7 6. Ne5 Qb6 7. Qc2 Bd6 8. Bxf6
Nxf6 9. Nf3 Bd7 10. Nbd2 O-O 11. Qb3 Qc7 12. Be2 b5 13. O-O a5 14. Rac1 Qb8 15.
Qc2 cxd4 16. cxd4 Rc8 17. Qb1 Qb7 18. Bd3 Rxc1 19. Rxc1 Rc8 20. Nb3 Rxc1+ 21.
Qxc1 a4 22. Nc5 Qc7 23. Qc3 Bc6 24. Ne5 Bxe5 25. dxe5 Nd7 26. Na6 Qb6 27. Nb4
Bb7 28. Kf1 g6 29. Ke2 Nb8 30. Qd4 Qa5 31. a3 Nd7 32. f4 Nb6 33. g4 Nc4 34.
Bxc4 bxc4 35. Qc3 Qb5 36. Nc2 Qd7 37. Nd4 Qe7 38. g5 h6 39. h4 hxg5 40. hxg5
Kg7 41. Qb4 Qd7 42. Qb5 Qc8 43. Kd2 c3+ 44. bxc3 Ba6 45. Qc6 Qxc6 46. Nxc6 Kf8
47. Na5 Ke7 48. c4 dxc4 49. Kc3 Kd7 50. Nxc4 Kc6 51. Nd6 Kd5 52. e4+ Kc5 53.
Nxf7 1-0

[Event "SV Letmathe 1 - Godesberger SK 2"]
[Site "NRW-Klasse, Gruppe 1 2010/201"]
[Date "2011.02.20"]
[Round "7.7"]
[White "Lotzien, Hans"]
[Black "Weyrauch, Erich"]
[Result "0-1"]
[WhiteElo "2075"]
[BlackElo "2005"]
[PlyCount "65"]
[EventDate "2011.??.??"]

1. e4 c5 2. Bc4 Nc6 3. Nc3 e6 4. d3 Nf6 5. Bg5 Be7 6. Qd2 a6 7. a4 h6 8. Bf4 d6
9. Nge2 Bd7 10. h3 Qa5 11. O-O Rd8 12. Qc1 O-O 13. Bd2 Qc7 14. f4 Nd4 15. Ba2
Nxe2+ 16. Nxe2 b5 17. Qe1 b4 18. f5 exf5 19. exf5 d5 20. Bf4 Bd6 21. c3 Rfe8
22. Bxd6 Qxd6 23. cxb4 cxb4 24. Qf2 Bxa4 25. Bxd5 Qxd5 26. Rxa4 Qxd3 27. Nf4
Qb5 28. b3 Re4 29. g4 Rdd4 30. Ng2 Rd3 31. Qa7 Rxh3 32. Rxa6 Qe5 33. Qb8+ 0-1

[Event "SV Letmathe 1 - Godesberger SK 2"]
[Site "NRW-Klasse, Gruppe 1 2010/201"]
[Date "2011.02.20"]
[Round "7.8"]
[White "Hunold, Rolf"]
[Black "Bongartz, Philipp"]
[Result "0-1"]
[WhiteElo "1958"]
[BlackElo "2063"]
[PlyCount "94"]
[EventDate "2011.??.??"]

1. e4 c5 2. Nf3 Nc6 3. Bb5 g6 4. O-O Bg7 5. c3 Nf6 6. Re1 O-O 7. d4 d5 8. e5
Ne4 9. Nbd2 cxd4 10. cxd4 Qb6 11. Bxc6 Qxc6 12. Qb3 Be6 13. Qb4 Nxd2 14. Bxd2
Qd7 15. Bg5 f6 16. exf6 exf6 17. Bf4 Rfc8 18. Rac1 Rc4 19. Qd2 g5 20. Bg3 Bf8
21. Qe3 Bf7 22. b3 Rxc1 23. Rxc1 Rc8 24. h3 Bg6 25. Nh2 Rxc1+ 26. Qxc1 Qc6 27.
Qe3 Kf7 28. h4 Qc2 29. Nf3 g4 30. Ne1 Qxa2 31. Kh2 Qb1 32. f3 h5 33. fxg4 hxg4
34. h5 Bxh5 35. Nd3 Bg6 36. Nf4 Qe4 37. Qc3 Bd6 38. Ne2 Qe7 39. Nf4 Qe4 40. Ne2
Qe7 41. Nf4 Be4 42. Qa5 Qc7 43. Qd2 Qc2 44. Qxc2 Bxc2 45. Nxd5 Bxg3+ 46. Kxg3
Bxb3 47. Ne3 a5 0-1

[Event "SG Solingen 3 - LSV Turm Lippstadt 1"]
[Site "NRW-Klasse, Gruppe 1 2010/201"]
[Date "2011.02.20"]
[Round "7.2"]
[White "Gupta, Milon"]
[Black "Krallmann, Matthias"]
[Result "1/2-1/2"]
[WhiteElo "2251"]
[BlackElo "2148"]
[PlyCount "40"]
[EventDate "2011.??.??"]

1. Nf3 Nf6 2. c4 c5 3. Nc3 e6 4. d4 cxd4 5. Nxd4 a6 6. a3 b6 7. e4 Qc7 8. f4 d6
9. Bd3 Be7 10. Qe2 Nbd7 11. O-O O-O 12. Bd2 Bb7 13. Rae1 Rad8 14. Kh1 Rfe8 15.
Nf3 g6 16. Qf2 Nc5 17. Bc2 d5 18. cxd5 exd5 19. exd5 Nxd5 20. Ne5 Bf6 1/2-1/2

[Event "SG Solingen 3 - LSV Turm Lippstadt 1"]
[Site "NRW-Klasse, Gruppe 1 2010/201"]
[Date "2011.02.20"]
[Round "7.3"]
[White "Fecke, Andreas"]
[Black "Auer, Martin"]
[Result "1/2-1/2"]
[WhiteElo "2076"]
[BlackElo "2236"]
[PlyCount "82"]
[EventDate "2011.??.??"]

1. e4 d6 2. Nf3 g6 3. Be2 Bg7 4. O-O Nf6 5. d3 O-O 6. c3 c5 7. a3 Nc6 8. b4 c4
9. b5 cxd3 10. Qxd3 Na5 11. Nbd2 d5 12. Nd4 e5 13. N4f3 Nxe4 14. Nxe4 dxe4 15.
Qxe4 Nb3 16. Ra2 Qc7 17. Qb4 Be6 18. c4 Nxc1 19. Rxc1 e4 20. Nd2 Qe5 21. Nf1
Rfd8 22. Rd2 Bf8 23. Rxd8 Rxd8 24. Qa5 Ra8 25. Qc3 Qc5 26. a4 Rd8 27. Ne3 Bg7
28. Qc2 f5 29. Rd1 Rxd1+ 30. Qxd1 Bd4 31. Qd2 Kg7 32. g3 Kf7 33. Bf1 Ke7 34.
Nc2 Bf6 35. Ne3 Kf7 36. Nd5 Bd4 37. Ne3 g5 38. Nc2 Bf6 39. Be2 Kg6 40. Qb4 Be7
41. Qc3 Bf6 1/2-1/2

[Event "SG Solingen 3 - LSV Turm Lippstadt 1"]
[Site "NRW-Klasse, Gruppe 1 2010/201"]
[Date "2011.02.20"]
[Round "7.4"]
[White "Scheffner, Axel"]
[Black "Roemhild, Marcus"]
[Result "1-0"]
[WhiteElo "2251"]
[BlackElo "1997"]
[PlyCount "75"]
[EventDate "2011.??.??"]

1. d4 g6 2. g3 Bg7 3. Bg2 c5 4. d5 e5 5. e4 d6 6. Nc3 a6 7. a4 Ne7 8. h4 h6 9.
h5 Nd7 10. hxg6 fxg6 11. Be3 Nf6 12. Bf3 Bd7 13. Qd2 Bg4 14. Bg2 g5 15. a5 Bd7
16. f3 b5 17. Nd1 Qc8 18. Ne2 b4 19. b3 Bb5 20. Nb2 Ng6 21. c3 bxc3 22. Nxc3
Rb8 23. Nxb5 axb5 24. b4 c4 25. Nd1 g4 26. Bxh6 c3 27. Qg5 Kf7 28. Ne3 Bxh6 29.
Rxh6 Rxh6 30. Qxh6 c2 31. Kd2 gxf3 32. Bxf3 Ne7 33. Bh5+ Nxh5 34. Qxh5+ Kg7 35.
Rf1 Qe8 36. Qg5+ Ng6 37. Nf5+ Kg8 38. Nxd6 1-0

[Event "SG Solingen 3 - LSV Turm Lippstadt 1"]
[Site "NRW-Klasse, Gruppe 1 2010/201"]
[Date "2011.02.20"]
[Round "7.5"]
[White "Grobbel, Rainer"]
[Black "Hubert, Ralf"]
[Result "1/2-1/2"]
[WhiteElo "2085"]
[BlackElo "2219"]
[PlyCount "99"]
[EventDate "2011.??.??"]

1. d4 Nf6 2. c4 g6 3. Nc3 Bg7 4. Bf4 O-O 5. Nf3 d5 6. cxd5 Nxd5 7. Nxd5 Qxd5 8.
Bxc7 Na6 9. Be5 Bxe5 10. Nxe5 Bf5 11. a3 Nc5 12. Nxg6 hxg6 13. dxc5 Qxc5 14. e3
Rfd8 15. Qb3 Qa5+ 16. Qb4 Qd5 17. f3 a5 18. e4 Bxe4 19. fxe4 Qg5 20. Qc3 Rac8
21. Bc4 Qxg2 22. Bxf7+ Kxf7 23. Rf1+ Qxf1+ 24. Kxf1 Rxc3 25. bxc3 Rd2 26. Rb1
Rxh2 27. Rxb7 Ra2 28. c4 Rxa3 29. Ke2 Kf6 30. Rb5 e6 31. Kd2 g5 32. c5 g4 33.
c6 Ke7 34. Rc5 Kd8 35. c7+ Kc8 36. Ke2 g3 37. Kf1 a4 38. Kg2 Re3 39. e5 a3 40.
Kh3 a2 41. Ra5 Rxe5 42. Rxa2 Rg5 43. Rc2 Rg7 44. Kg2 Rxc7 45. Re2 Kd7 46. Kxg3
Rc5 47. Kf4 Rd5 48. Ra2 Ke7 49. Ke4 Rb5 50. Ra1 1/2-1/2

[Event "SG Solingen 3 - LSV Turm Lippstadt 1"]
[Site "NRW-Klasse, Gruppe 1 2010/201"]
[Date "2011.02.20"]
[Round "7.6"]
[White "Hobusch, Alexander"]
[Black "Chapman, Alan"]
[Result "1-0"]
[WhiteElo "2183"]
[BlackElo "1919"]
[PlyCount "73"]
[EventDate "2011.??.??"]

1. d4 e6 2. Nf3 Nf6 3. e3 d6 4. Bd3 Nc6 5. c4 e5 6. d5 Ne7 7. Nc3 g6 8. e4 Bg7
9. h3 O-O 10. Be3 Nd7 11. Nd2 f5 12. f3 f4 13. Bf2 g5 14. b4 a5 15. a3 b6 16.
Nb3 axb4 17. axb4 Rxa1 18. Qxa1 c5 19. Nb5 cxb4 20. Nxd6 Nc5 21. Nxc5 Qxd6 22.
Na4 Nc6 23. c5 Qd8 24. Nxb6 Nd4 25. Qa4 Qe7 26. Bxd4 exd4 27. Qxb4 h5 28. d6
Qe5 29. Qc4+ Kh8 30. Qd5 Be6 31. Qxe5 Bxe5 32. Bc4 Bg8 33. Nd7 Bxc4 34. Nxe5
Kg7 35. Nxc4 Kf6 36. Kd2 Ke6 37. c6 1-0

[Event "SG Solingen 3 - LSV Turm Lippstadt 1"]
[Site "NRW-Klasse, Gruppe 1 2010/201"]
[Date "2011.02.20"]
[Round "7.7"]
[White "Tran, Duc Cuong"]
[Black "Schockenbaeumer, Dirk"]
[Result "1/2-1/2"]
[WhiteElo "1987"]
[BlackElo "2109"]
[PlyCount "89"]
[EventDate "2011.??.??"]

1. d4 Nf6 2. Nf3 g6 3. Nc3 d5 4. Bf4 c6 5. e3 Bg7 6. Be2 Bg4 7. Ne5 Bxe2 8.
Qxe2 Nbd7 9. h4 h5 10. f3 Qa5 11. O-O-O Nxe5 12. dxe5 Nd7 13. e4 d4 14. Rxd4
Bxe5 15. Bxe5 Qxe5 16. Qd2 Nb6 17. Rd1 O-O 18. f4 Qf6 19. g3 Kh7 20. e5 Qf5 21.
Ne4 Rac8 22. Nc5 Rc7 23. Qd3 Qxd3 24. R4xd3 Kg7 25. e6 f5 26. Nd7 Nxd7 27. Rxd7
Rxd7 28. Rxd7 Rb8 29. Rxe7+ Kf6 30. Rh7 Kxe6 31. b4 a6 32. Rc7 Kd5 33. Rg7 Kc4
34. Kb2 Kxb4 35. Rxg6 Re8 36. Rg5 Re3 37. Rxh5 Rxg3 38. Rxf5 Rg4 39. h5 Rh4 40.
a3+ Kc4 41. Rf7 b5 42. Rf6 c5 43. Rxa6 Rxh5 44. a4 Rf5 45. axb5 1/2-1/2

[Event "SG Solingen 3 - LSV Turm Lippstadt 1"]
[Site "NRW-Klasse, Gruppe 1 2010/201"]
[Date "2011.02.20"]
[Round "7.8"]
[White "Peschel, Andreas"]
[Black "Wagner, Alexey"]
[Result "1-0"]
[WhiteElo "2094"]
[BlackElo "2045"]
[PlyCount "97"]
[EventDate "2011.??.??"]

1. d4 Nf6 2. c4 g6 3. Nc3 d5 4. cxd5 Nxd5 5. e4 Nxc3 6. bxc3 Bg7 7. Bc4 c5 8.
Ne2 O-O 9. Be3 Nc6 10. Rc1 cxd4 11. cxd4 Na5 12. Bd3 b6 13. Qd2 Bb7 14. h4 Rc8
15. O-O Qd7 16. h5 Rxc1 17. Rxc1 Rc8 18. hxg6 hxg6 19. f3 Rxc1+ 20. Qxc1 Qc8
21. Qxc8+ Bxc8 22. Kf2 Bb7 23. d5 Kf8 24. Bb5 Be5 25. Bh6+ Kg8 26. Be3 Bc7 27.
Bf4 Bxf4 28. Nxf4 a6 29. Bd3 g5 30. Nh3 f6 31. Ke3 Kf7 32. f4 gxf4+ 33. Nxf4 e5
34. dxe6+ Ke7 35. Nd5+ Kxe6 36. Nxb6 Nc6 37. Bc4+ Kd6 38. Bd5 Na5 39. Bxb7 Nxb7
40. Kf4 Ke6 41. Nd5 a5 42. Nc7+ Kd6 43. Nb5+ Ke7 44. Kf5 Kf7 45. e5 fxe5 46.
Kxe5 Nc5 47. Nc3 Nd3+ 48. Kd4 Nc1 49. Ke3 1-0

[Event "SV Würselen 1 - SG Bochum 2"]
[Site "NRW-Klasse, Gruppe 1 2010/201"]
[Date "2011.02.20"]
[Round "7.1"]
[White "Jens, Jelmer"]
[Black "Budde, Vladimir"]
[Result "1-0"]
[WhiteElo "2366"]
[BlackElo "2267"]
[PlyCount "85"]
[EventDate "2011.??.??"]

1. e4 c5 2. Nf3 e6 3. d4 cxd4 4. Nxd4 Nf6 5. Nc3 d6 6. Be3 Be7 7. f3 Nc6 8. Qd2
O-O 9. g4 d5 10. g5 Nxd4 11. Qxd4 Nd7 12. exd5 Bc5 13. Qd2 exd5 14. Bxc5 Nxc5
15. O-O-O d4 16. Qxd4 Qa5 17. h4 Be6 18. Bc4 Rac8 19. Bxe6 Nxe6 20. Qe3 Rc5 21.
Rd7 Re5 22. Qd2 Nc5 23. Rd4 b5 24. Kb1 Qb6 25. f4 Ree8 26. f5 Qb7 27. Nd5 Re5
28. Re1 Qb8 29. f6 Rxe1+ 30. Qxe1 Ne6 31. Ne7+ Kh8 32. fxg7+ Nxg7 33. a3 Re8
34. Re4 Qd8 35. h5 Rf8 36. h6 Ne8 37. Qc3+ f6 38. g6 Qd1+ 39. Ka2 Qh1 40. g7+
Nxg7 41. hxg7+ Kxg7 42. Nf5+ Kg6 43. Qg3+ 1-0

[Event "SV Würselen 1 - SG Bochum 2"]
[Site "NRW-Klasse, Gruppe 1 2010/201"]
[Date "2011.02.20"]
[Round "7.2"]
[White "Cekro, Ekrem"]
[Black "Dahm, Jochen"]
[Result "1-0"]
[WhiteElo "2371"]
[BlackElo "2341"]
[Annotator "Hausrath,Daniel"]
[PlyCount "53"]
[EventDate "2011.??.??"]

1. c4 Nf6 2. g3 e6 3. Nf3 c5 4. Bg2 b6 5. O-O Bb7 6. Nc3 Be7 7. Re1 d6 8. e4 a6
9. b3 Nbd7 10. d4 cxd4 11. Nxd4 Qc7 12. Bb2 O-O 13. Qd2 Rac8 14. Rad1 Qb8 15.
h3 Rfd8 16. Qe2 Nc5 17. Kh2 Bf8 18. f4 e5 19. fxe5 dxe5 20. Nc2 Ne6 21. Nd5 Nd7
22. Nce3 Bc6 23. Rf1 b5 24. Qf3 f6 25. Qg4 Kf7 26. Qf5 Bc5 27. Ng4 {Rest
komplett unleserlich!} 1-0

[Event "SV Würselen 1 - SG Bochum 2"]
[Site "NRW-Klasse, Gruppe 1 2010/201"]
[Date "2011.02.20"]
[Round "7.3"]
[White "Schlawin, Marlon"]
[Black "Akhayan, Ruben"]
[Result "1/2-1/2"]
[WhiteElo "2186"]
[BlackElo "2281"]
[PlyCount "87"]
[EventDate "2011.??.??"]

1. e4 e5 2. Nf3 Nc6 3. Bc4 Nf6 4. d3 Bc5 5. c3 d6 6. O-O a6 7. d4 Ba7 8. dxe5
dxe5 9. Qxd8+ Nxd8 10. Nxe5 Nxe4 11. Nd2 Nd6 12. Bb3 Ne6 13. Ndc4 Nf5 14. Ba4+
Ke7 15. Bc2 Nh4 16. Ne3 Rd8 17. b3 f6 18. Ba3+ c5 19. Nd3 b6 20. b4 Bb7 21.
bxc5 bxc5 22. Rfe1 Kf8 23. Rad1 Be4 24. Nxc5 Bxc5 25. Bxe4 Bxa3 26. Bxa8 Rxa8
27. Nc4 Nf4 28. Nxa3 Nhxg2 29. Re4 Kf7 30. Nc2 g5 31. Ne3 Nh4 32. Kf1 Nf3 33.
Rd7+ Kg6 34. Ree7 Nxh2+ 35. Ke1 Nf3+ 36. Kd1 h6 37. c4 Rc8 38. Rg7+ Kh5 39. Rc7
Rb8 40. Rb7 Rd8+ 41. Rgd7 Rc8 42. Rbc7 Rb8 43. Rb7 Rc8 44. Rbc7 1/2-1/2

[Event "SV Würselen 1 - SG Bochum 2"]
[Site "NRW-Klasse, Gruppe 1 2010/201"]
[Date "2011.02.20"]
[Round "7.4"]
[White "Goossens, Etienne"]
[Black "Kitte, Sebastian"]
[Result "1-0"]
[WhiteElo "2214"]
[BlackElo "2252"]
[PlyCount "75"]
[EventDate "2011.??.??"]

1. e4 c5 2. Nf3 e6 3. c3 d5 4. exd5 Qxd5 5. d4 Nf6 6. Na3 cxd4 7. Nb5 Qd8 8.
Qxd4 Qxd4 9. Nfxd4 Na6 10. Bf4 Bc5 11. Nb3 Bb6 12. Nd6+ Ke7 13. Be2 Rd8 14. Rd1
Nd5 15. Bg3 Bc7 16. Nxc8+ Raxc8 17. Bxa6 bxa6 18. Bxc7 Rxc7 19. O-O Nb6 20.
Rxd8 Kxd8 21. Rb1 e5 22. Kf1 f5 23. Ke2 Rc4 24. Nd2 Rc6 25. Nf3 Rc5 26. Ng5 Ra5
27. Ra1 Ke7 28. Nxh7 Na4 29. b4 Nxc3+ 30. Kd3 Ra3 31. Kc4 Kd6 32. Ng5 Nd5 33.
Nf7+ Ke6 34. Nd8+ Kd6 35. Nb7+ Ke6 36. Nc5+ Kd6 37. Nb3 a5 38. Rd1 1-0

[Event "SV Würselen 1 - SG Bochum 2"]
[Site "NRW-Klasse, Gruppe 1 2010/201"]
[Date "2011.02.20"]
[Round "7.5"]
[White "Tkachuk, Konstantyn"]
[Black "Bogoevski, Jani"]
[Result "1-0"]
[WhiteElo "2179"]
[BlackElo "2158"]
[PlyCount "103"]
[EventDate "2011.??.??"]

1. e4 e6 2. d4 d5 3. exd5 exd5 4. Nf3 Bd6 5. c4 dxc4 6. Bxc4 Qe7+ 7. Be3 Nf6 8.
O-O O-O 9. Bg5 Bg4 10. Nc3 c6 11. Re1 Qd8 12. h3 Bh5 13. g4 Bg6 14. Ne5 Kh8 15.
f4 h6 16. Bh4 Qc7 17. f5 Bh7 18. Bxf6 gxf6 19. Nd3 Nd7 20. Qd2 Kg7 21. Ne4 Rae8
22. Nxd6 Qxd6 23. Qf4 Qxf4 24. Nxf4 Rxe1+ 25. Rxe1 Rd8 26. Re7 Kh8 27. Bxf7 Nf8
28. Ne6 Rd7 29. Rxd7 Nxd7 30. Nc5 Kg7 31. Bb3 Nxc5 32. dxc5 b6 33. cxb6 axb6
34. a4 Kf8 35. Kf2 Ke7 36. Ke3 Kd6 37. Kd4 h5 38. Bc4 hxg4 39. hxg4 c5+ 40. Ke4
Kc6 41. Kf4 Kd6 42. b3 Ke7 43. g5 fxg5+ 44. Kxg5 Kf8 45. Kf6 Ke8 46. Bf7+ Kd7
47. Be6+ Kd6 48. Kg7 Bxf5 49. Bxf5 c4 50. bxc4 Kc5 51. Bd3 Kb4 52. Kf6 1-0